00903nam a2200205 a 450000100100000000500170001000800410002704000250006808200140009310000480010724500500015526000320020530000170023750000460025450000740030050500780037495201140045295201140056699900170068000002471920200930023328.0110202s1975 ru r 001 0 spa d aDO-SdBNPbspacBNPHU axxxbxxxx1 aLenin, Vladímir Ilich,d1870-1924.95071410aObras escogidas en doce tomos /cV. I. Lenin. aMoscú :bProgreso,c1975. av. ;c21 cm. aLa biblioteca sólo posee los v. 1, 2, 6 aIncluye referencias bibliográficas y notas al pie de las páginas.0 gv. 1.t1894-1901 --gv. 2.t1902-1905.gv. 6tJulio de 1916-julio de 1917 001054708MOaGRbGRcCTd2011-02-02iLF1l0ot. 1p24719-10r2020-06-25w2020-06-25y4ZPréstamo en sala 001054708MOaGRbGRcCTd2011-02-02iLF1l0ot. 2p24719-20r2020-06-25w2020-06-25y4ZPréstamo en sala c24212d24212